Southville International School and Colleges
Your cart is empty.
  • Cart
  • Lists
    Public lists Eva Luna New books Lux_list list_1
    Your lists Log in to create your own lists
  • Log in to your account
  • Your cookies
  • Search history
Southville International School and Colleges
  • Advanced search
  • Recent comments
  • Most popular
  • Libraries

Log in to your account

Log in with GOOGLE


If you do not have an external account, but do have a local account, you can still log in:

  1. Home
  2. MARC view: Zoo /
Normal view MARC view ISBD view

Zoo / (Record no. 105166)

[ view plain ]
MARC details
000 -LEADER
fixed length control field 00608nam a2200181 a 4500
005 - DATE AND TIME OF LATEST TRANSACTION
control field 20140412111343.0
008 - FIXED-LENGTH DATA ELEMENTS--GENERAL INFORMATION
fixed length control field 040205s19uu xx 00 eng d
020 ## - INTERNATIONAL STANDARD BOOK NUMBER
International Standard Book Number 0-06-446096-7
050 ## - LIBRARY OF CONGRESS CALL NUMBER
Classification number TR(PS E
Item number Zo 1987
100 ## - MAIN ENTRY--PERSONAL NAME
Personal name Gibbons, Gail
245 ## - TITLE STATEMENT
Title Zoo /
Statement of responsibility, etc Gail Gibbons.
260 ## - PUBLICATION, DISTRIBUTION, ETC. (IMPRINT)
Place of publication, distribution, etc [s.l.] :
Name of publisher, distributor, etc HarperCollins Publishers,
Date of publication, distribution, etc 1987.
300 ## - PHYSICAL DESCRIPTION
Extent [28] p. ; ill.
520 ## - SUMMARY, ETC.
Summary, etc Provides a behind-the-scenes look at a working day at the zoo, from the moment the workers arrive until the night guard locks the gate.
650 ## - SUBJECT ADDED ENTRY--TOPICAL TERM
Topical term or geographic name as entry element Zoos--Juvenile literature
650 ## - SUBJECT ADDED ENTRY--TOPICAL TERM
Topical term or geographic name as entry element Children stories
Holdings
Withdrawn status Lost status Damaged status Use restrictions Home library Current library Shelving location Date acquired Source of acquisition Cost, normal purchase price Total Checkouts Full call number Barcode Date last seen Price effective from Koha item type
        Elizalde Library Elizalde Library Teachers Reference Section 02/05/2004   70.00   TR(PS E Zo 1987 E9514 04/12/2014 04/12/2014 Books

Zoo /

APA

Gibbons G., . (1987). Zoo. [s.l.]: HarperCollins Publishers.

Chicago

Gibbons Gail, . 1987. Zoo. [s.l.]: HarperCollins Publishers.

Harvard

Gibbons G., . (1987). Zoo. [s.l.]: HarperCollins Publishers.

MLA

Gibbons Gail, . Zoo. [s.l.]: HarperCollins Publishers. 1987.

  • Place hold
  • Print
  • Cite
  • Add to your cart (remove)
  • Save record
    BIBTEX Dublin Core MARCXML MARC (non-Unicode/MARC-8) MARC (Unicode/UTF-8) MARC (Unicode/UTF-8, Standard) MODS (XML) RIS
  • More searches
    Search for this title in:
    Other Libraries (WorldCat) Other Databases (Google Scholar) Online Stores (Bookfinder.com) Open Library (openlibrary.org)

Exporting to Dublin Core...

SOUTHVILLE LIBRARY

Southville International School and Colleges Library

1281 Tropical Ave. Cor. Luxembourg St., BF Homes International, Las Pinas City

Tel. No. 8256374 / 252358 Loc. 117/146

Powered by Koha